Errate Länder anhand ihrer Wahrzeichen 2 - Statistiken

Allgemein
  • Dieses Quiz wurde 254 mal gespielt
  • Das Durchschnittsergebnis liegt bei 12 aus 16
Antwortstatistiken
Bildquiz Antwort % Korrekt
Deutschland
100%
Italien
100%
Vereinigte Staaten
99%
Ägypten
98%
Frankreich
93%
Vereinigtes Königreich
93%
China
91%
Vereinigte Arabische Emirate
88%
Osterinsel/Chile
84%
Japan
70%
Australien
66%
Singapur
59%
Finnland
58%
Myanmar
45%
Sudan
40%
Guatemala
36%
Keine übereinstimmenden Quizze gefunden
Verteilung der Resultate
Anzahl Personen mit jedem Resultat
Perzentil nach korrekt beantworteten Fragen
Ihre Resultats-Entwicklung
Sie haben dieses Quiz noch nicht gespielt